00569nam a2200169 i 450000100060000000300090000600500170001500700030003200800410003510000320007624500510010826000360015930000330019585200320022899900170026095201220027740108ES-MaACL20230906160138.0t|030305s1967 sp ||||1| spa d1 aCapdeferro, Marcelo.93478610aHistoria de Cataluña / cMarcelo Capdeferro. aBarcelona : bM. y S., c[1967] a316 p., 18 lám. ; c22 cm. aES-MaACLjC-34180 bR.64819 c40108d40108 00104070aATENEOMbATENEOMcDEPO2d2008-01-17eSCl0oC-34180p1042227r2023-02-23 00:00:00w2023-02-23yMONOGRAFIA